| 000 | 00658nam a22002417a 4500 | ||
|---|---|---|---|
| 003 | OSt | ||
| 005 | 20150505154604.0 | ||
| 008 | 130201t xxu||||| |||| 00| 0 eng d | ||
| 020 | _a971642194x | ||
| 050 |
_aDS 33 _b.Z21 2002 |
||
| 082 |
_aFIL950 _bZa1 1994 |
||
| 100 | _aZaide, Gregorio F. | ||
| 245 |
_aHistory of Asian nations / _cGregorio F. Zaide, Sonia M. Zaide. |
||
| 250 | _a6th ed. | ||
| 260 |
_aManila : _bAll-Nations Publishing Co. ; _c2002. |
||
| 300 |
_a244 pages : _c26 cm. _billustrations ; |
||
| 526 | _c1210L-1700L | ||
| 562 | _e1 | ||
| 650 |
_aHistory _xAsian. |
||
| 700 | _aZaide, Sonia M. | ||
| 942 |
_2lcc _cBK |
||
| 999 |
_c283839 _d283839 |
||